000 01103nam a2200361 a 4500
003 AR-BaBNM
005 20251128204540.0
008 082120s2002 ||||||||||||||000 | spa||
020 _a950-503-209-9
040 _cAR-BaBNM
100 1 _aFeldman, Jacobo
245 0 0 _aEscala Alfa
_bpara evaluación del lenguaje en niños de 3 a 17 años
250 _a1ª ed.
260 _aBuenos Aires
_bEdiciones Marymar
_c1992
300 _a75 p.
_btablas
490 0 _aEl maestro en su acción cotidiana. Discapacidades de la comunicación, lenguaje y aprendizaje
650 4 _aEVALUACION DEL ALUMNO
650 4 _aEVALUACION PSICOLOGICA
650 4 _aPRUEBAS OBJETIVAS
650 4 _aPRUEBAS PSICOLOGICAS
650 4 _aLENGUAJE
650 4 _aDESARROLLO DEL LENGUAJE
650 4 _aPRUEBAS DE LENGUAJE
650 4 _aDIFICULTAD EN LA LECTURA
650 4 _aDIFICULTADES EN EL APRENDIZAJE
650 4 _aTRASTORNOS DEL HABLA
650 4 _aMADURACION
653 _aLECTOESCRITURA
700 1 _aTorres, María Graciela
800 1 _aRatto, Jorge A.
_edirector
942 _cBK
998 _cCarmen
999 _c7873
_d7873